Noms de stations du métro parisien traduits en anglais - Statistiques

Statistiques générales
  • Ce quiz a été pris 23 fois
  • Le résultat moyen est 13 sur 20
Statistiques - réponses
Anglais Français % Correct
Arts and Jobs Arts et Métiers
100%
Father the chair Père Lachaise
100%
White Blanche
91%
Daughters of the cavalry Filles du Calvaire
91%
The Goblins Les Gobelins
91%
Beautiful city Belleville
87%
Our Lady from the fields Notre-Dame-des-Champs
83%
Green Pathway Chemin Vert
78%
Small castle Châtelet
74%
Fish seller Poissonnière
74%
The Mute La Muette
70%
Town Hall Hôtel de Ville
65%
Reindeers Rennes
65%
Pleasure-boating Plaisance
61%
Go wine Vavin
57%
My bucket Monceau
52%
Puppet's Church Eglise de Pantin
43%
Holy nail's door Porte de Saint-Cloud
35%
Younger Cadet
13%
Tank on Charonne
4%
Aucun quiz correspondant
Distribution des résultats
% des personnes avec chaque résultat
Percentile par nombre de réponses
Votre historique - résultats
Vous n’avez pas pris ce quiz